Квалифицированная первичная переработка нефтяных и природных углеводородных газов

Dades bibliogràfiques
Autor principal: Берлин М. А. Марк Абрамович
Altres autors: Гореченков В. Г. Валентин Гаврилович, Капралов В. П. Вячеслав Петрович
Sumari:В книге освещены теоретические основы процессов переработки углеводородных природных и нефтяных газов и газового конденсата. Даны сведения об аппаратуре, технологических схемах и методах проектирования газоперерабаты­вающих заводов.Книга предназначена для инженеров-эксплуатационников и проектировщи­ков ГПЗ, может быть полезна студентам старших курсов химических и нефтяных вузов при курсовом и дипломном проектировании.
Idioma:rus
Publicat: Краснодар, Советская Кубань, 2012
Matèries:
Format: Llibre
KOHA link:https://koha.lib.tpu.ru/cgi-bin/koha/opac-detail.pl?biblionumber=303692

MARC

LEADER 00000nam0a2200000 4500
001 303692
005 20231102001628.0
010 |a 9785722109095 
035 |a (RuTPU)RU\TPU\book\328919 
090 |a 303692 
100 |a 20150904d2012 k y0rusy50 ca 
101 0 |a rus 
102 |a RU 
105 |a a z 001zy 
200 1 |a Квалифицированная первичная переработка нефтяных и природных углеводородных газов  |f М. А. Берлин, В. Г. Гореченков, В. П. Капралов 
210 |a Краснодар  |c Советская Кубань  |d 2012 
215 |a 515 с.  |c ил. 
320 |a Библиография в конце глав. 
330 |a В книге освещены теоретические основы процессов переработки углеводородных природных и нефтяных газов и газового конденсата. Даны сведения об аппаратуре, технологических схемах и методах проектирования газоперерабаты­вающих заводов.Книга предназначена для инженеров-эксплуатационников и проектировщи­ков ГПЗ, может быть полезна студентам старших курсов химических и нефтяных вузов при курсовом и дипломном проектировании. 
606 1 |a Углеводородные газы  |x Переработка  |2 stltpush  |3 (RuTPU)RU\TPU\subj\33981  |9 56067 
610 1 |a нефтяные газы 
610 1 |a природные газы 
610 1 |a первичная переработка 
610 1 |a попутный нефтяной газ 
610 1 |a газовые гидраты 
610 1 |a метан 
610 1 |a получение 
610 1 |a углеводородные системы 
610 1 |a фазовое равновесие 
610 1 |a углеводородные смеси 
610 1 |a теплофизические свойства 
610 1 |a осушка 
610 1 |a очистка 
610 1 |a низкотемпературная конденсация 
610 1 |a низкотемпературная абсорбция 
610 1 |a низкотемпературная ректификация 
610 1 |a газовые конденсаты 
610 1 |a сжижение 
610 1 |a гелий 
610 1 |a расчеты 
610 1 |a математическое моделирование 
610 1 |a сепараторы 
610 1 |a компрессоры 
610 1 |a холодильные машины 
610 1 |a насосы 
610 1 |a теплообменное оборудование 
610 1 |a ректификационные колонны 
610 1 |a абсорбционные колонны 
675 |a 665.632  |v 3 
700 1 |a Берлин  |b М. А.  |g Марк Абрамович 
701 1 |a Гореченков  |b В. Г.  |g Валентин Гаврилович 
701 1 |a Капралов  |b В. П.  |g Вячеслав Петрович 
801 1 |a RU  |b 63413507  |c 20150904 
801 2 |a RU  |b 63413507  |c 20160804  |g RCR 
900 |a Теоретические основы химической технологии топлива и углеродных материалов 
942 |c BK 
959 |a 117/20150915  |d 5  |e 0  |f УФ:5